<?xml version="1.0" encoding="UTF-8"?>
<collection xmlns="http://www.loc.gov/MARC21/slim">
 <record>
  <leader>03351nam a2200313 a 4500</leader>
  <controlfield tag="001">1/45025</controlfield>
  <controlfield tag="008">140724s2003    us            001 0 eng  </controlfield>
  <datafield tag="020" ind1=" " ind2=" ">
   <subfield code="a">9781932266566 (electronic bk.)</subfield>
  </datafield>
  <datafield tag="020" ind1=" " ind2=" ">
   <subfield code="a">1932266569</subfield>
  </datafield>
  <datafield tag="035" ind1=" " ind2=" ">
   <subfield code="l">47983</subfield>
  </datafield>
  <datafield tag="040" ind1=" " ind2=" ">
   <subfield code="a">OPELS</subfield>
   <subfield code="b">eng</subfield>
   <subfield code="c">OPELS</subfield>
   <subfield code="d">OPELS</subfield>
   <subfield code="d">OCLCQ</subfield>
   <subfield code="d">GR-PeUP</subfield>
  </datafield>
  <datafield tag="100" ind1="1" ind2=" ">
   <subfield code="a">Schimed, Will.</subfield>
  </datafield>
  <datafield tag="245" ind1="1" ind2="0">
   <subfield code="a">MCSA/MCSE managing and maintaining a Windows Server 2003 environment for an MCSA certified on Windows 2000</subfield>
   <subfield code="h">[electronic resource] :</subfield>
   <subfield code="b">study guide &amp; DVD training system /</subfield>
   <subfield code="c">Will Schmied ; Robert J. Shimonski, technical editor.</subfield>
  </datafield>
  <datafield tag="246" ind1="3" ind2="0">
   <subfield code="a">Managing and maintaining a Windows Server 2003 environment for an MCSA certified on Windows 2000</subfield>
  </datafield>
  <datafield tag="246" ind1="1" ind2="8">
   <subfield code="a">MCSA/MCSE 70-292 study guide &amp; DVD training system</subfield>
  </datafield>
  <datafield tag="260" ind1=" " ind2=" ">
   <subfield code="a">Rockland, MA :</subfield>
   <subfield code="b">Syngress Pub.,</subfield>
   <subfield code="c">c2003.</subfield>
  </datafield>
  <datafield tag="300" ind1=" " ind2=" ">
   <subfield code="a">1 online resource (xxxviii, 697 p.) :</subfield>
   <subfield code="b">ill.</subfield>
  </datafield>
  <datafield tag="520" ind1=" " ind2=" ">
   <subfield code="a">MCSA/MCSE Exam 70-292 Study Guide &amp; DVD Training System: Managing and Maintaining a Windows Server 2003 Environment for an MCSA Certified on Windows 2000 is a one-of-a-kind integration of text, DVD-quality instructor led training, and Web-based exam simulation and remediation. This system gives you 100% coverage of the official Microsoft 70-292 exam objectives plus test preparation software for the edge you need to pass the exam on your first try. In June, 2003 Microsoft will launch beta exams for the Windows Server 2003 certification line. Exams will likely go live the following August and September. This launch is a comprehensive revamping of the MCSE (Microsoft Certified System Enginner) track with all new core exams and all new electives. In addition, the MCSA (Microsoft Certified System Administrator) certification will expand its program to include an additional upgrade exam for MCSAs wanting to become MCSEs. The launch of this new certification track means that all current MCSEs, representing an installed base of approximately 200,000 (source: MCP Magazine) will need to recertify under Windows Server 2003. In addition, any MCP looking to become an MCSE--estimates are about 1.2 million (source: MCP Magazine)--will also have to continue their certifications under the new program. Many industry experts expect the Windows 2003 certification, and product line as well, to be a more popular track since many organziations are still using NT and plan to skip 2000 and go directly to 2003. * DVD Provides a &quot;Virtual Classroom&quot;: Get the benefits of instructor led training at a fraction of the cost and hassle. * Guaranteed Coverage of All Exam Objectives: If the topic is listed in Microsoft's Exam 70-292 objectives, it is covered here. * Fully Integrated Learning: This system includes a study guide, DVD training and Web-based practice exams.</subfield>
  </datafield>
  <datafield tag="500" ind1=" " ind2=" ">
   <subfield code="a">Includes index.</subfield>
  </datafield>
  <datafield tag="630" ind1="0" ind2="0">
   <subfield code="a">Microsoft Windows server</subfield>
   <subfield code="x">Examinations.</subfield>
  </datafield>
  <datafield tag="630" ind1="0" ind2="0">
   <subfield code="a">Microsoft Windows server</subfield>
   <subfield code="x">Certification.</subfield>
  </datafield>
  <datafield tag="650" ind1=" " ind2="4">
   <subfield code="a">Computer networks</subfield>
   <subfield code="x">Management</subfield>
   <subfield code="x">Examinations</subfield>
   <subfield code="v">Study guides.</subfield>
  </datafield>
  <datafield tag="650" ind1=" " ind2="4">
   <subfield code="a">Computer networks</subfield>
   <subfield code="x">Management</subfield>
   <subfield code="x">Certification.</subfield>
  </datafield>
  <datafield tag="655" ind1=" " ind2="4">
   <subfield code="a">Electronic books.</subfield>
  </datafield>
  <datafield tag="700" ind1="1" ind2=" ">
   <subfield code="a">Shimonski, Robert.</subfield>
  </datafield>
  <datafield tag="852" ind1=" " ind2=" ">
   <subfield code="a">INST</subfield>
   <subfield code="b">UNIPILB</subfield>
   <subfield code="c">EBOOKS</subfield>
   <subfield code="e">20140724</subfield>
   <subfield code="p">00b47983</subfield>
   <subfield code="q">00b47983</subfield>
   <subfield code="t">ONLINE</subfield>
   <subfield code="y">0</subfield>
  </datafield>
  <datafield tag="856" ind1="4" ind2="0">
   <subfield code="3">ScienceDirect</subfield>
   <subfield code="u">http://www.sciencedirect.com/science/book/9781932266566</subfield>
  </datafield>
  <datafield tag="856" ind1="4" ind2=" ">
   <subfield code="d">/webopac/covers/03/47983_9781932266566.jpg</subfield>
   <subfield code="z">(electronic bk.)</subfield>
  </datafield>
  <datafield tag="856" ind1="4" ind2=" ">
   <subfield code="d">/webopac/covers/03/47983_1932266569.jpg</subfield>
  </datafield>
 </record>
</collection>
